| 000 | 00995cam a2200181ua 4500 | ||
|---|---|---|---|
| 020 | _cRs 30.00 | ||
| 041 |
_aeng _h |
||
| 082 |
_a621.1 _bTHE/ST |
||
| 110 | 1 |
_aThe Engineering Equipments Users Association . _bTEEUA _c() |
|
| 245 |
_aSteam trapping and condensate removal / _cThe Engineering Equipment Users Association. _hTextual Documents |
||
| 250 |
_a1 / _b. |
||
| 260 |
_aLondon : _bConstable and Company Ltd , _c1962. |
||
| 300 | _a96 ; . | ||
| 365 | _aRs 30.00 | ||
| 504 | _a | ||
| 942 | _cBK | ||
| 999 |
_c1874 _d1874 |
||